निरोग रहने के लिए आहार / (Record no. 120444)
[ view plain ]
| 000 -LEADER | |
|---|---|
| fixed length control field | 01167nam a22002657a 4500 |
| 005 - DATE AND TIME OF LATEST TRANSACTION | |
| control field | 20181109154826.0 |
| 010 ## - LCCN (DPL NO) | |
| LC control number | B-175801 |
| 020 ## - INTERNATIONAL STANDARD BOOK NUMBER | |
| Terms of availability | 160.00 |
| International Standard Book Number | 8173291705 |
| 035 ## - SYSTEM CONTROL NUMBER | |
| System control number | B-175801 |
| 035 ## - SYSTEM CONTROL NUMBER | |
| System control number | B-175825 |
| 037 ## - SOURCE OF ACQUISITION | |
| Source of stock number/acquisition | Cen Lib/Ret |
| 082 ## - DEWEY DECIMAL CLASSIFICATION NUMBER | |
| Classification number | 641.1 |
| Item number | शुक्लाफ |
| 100 ## - MAIN ENTRY--PERSONAL NAME | |
| Personal name | शुक्ला, फ़कीरचंद |
| 245 ## - TITLE STATEMENT | |
| Title | निरोग रहने के लिए आहार / |
| Remainder of title | फ़कीरचंद शुक्ला |
| 246 ## - VARYING FORM OF TITLE | |
| Title proper/short title | Nirog rahane ke liye aahar / |
| Remainder of title | by Faqir Chand Shukla |
| 260 ## - PUBLICATION, DISTRIBUTION, ETC. (IMPRINT) | |
| Place of publication, distribution, etc | दिल्ली |
| Name of publisher, distributor, etc | शिलालेख |
| Date of publication, distribution, etc | 2005 |
| 270 ## - ADDRESS | |
| Address | 4/32, सुभाष गली, विश्वास नगर, शाहदरा |
| City | दिल्ली |
| Postal code | 110032 |
| 300 ## - PHYSICAL DESCRIPTION | |
| Extent | 151पृ. : |
| Dimensions | 21सेमी(सजिल्द) |
| Other physical details | रंगीन सचित्र |
| 500 ## - GENERAL NOTE | |
| General note | अनुक्रमणिका शामिल |
| 650 ## - SUBJECT ADDED ENTRY--TOPICAL TERM | |
| Topical term or geographic name as entry element | किशोरावस्था और आहार |
| 650 ## - SUBJECT ADDED ENTRY--TOPICAL TERM | |
| Topical term or geographic name as entry element | नशीले पदार्थ का सेवन |
| 650 ## - SUBJECT ADDED ENTRY--TOPICAL TERM | |
| Topical term or geographic name as entry element | Teens and diet |
| 650 ## - SUBJECT ADDED ENTRY--TOPICAL TERM | |
| Topical term or geographic name as entry element | Drug abuse |
| 942 ## - ADDED ENTRY ELEMENTS (KOHA) | |
| Source of classification or shelving scheme | Dewey Decimal Classification |
| Item type | Hindi Books |
| Classification part | 641.1 |
| Call number suffix | शुक्लाफ |
| Withdrawn status | Lost status | Not for loan | Home library | Current library | Date acquired | Source of acquisition | Cost, normal purchase price | Full call number | Barcode | Copy number | Cost, replacement price | Koha item type | Collection code |
|---|---|---|---|---|---|---|---|---|---|---|---|---|---|
| Central Library | Central Library | 22/09/2015 | Cen Lib/Ret | 160.00 | 641.1 शुक्लाफ | B-175801 | 1 | 160.00 | Hindi Books | ||||
| R.C.Libraries (zls) | R.C.Libraries (zls) | 09/11/2018 | 160.00 | 641.1 शुक्लाफ | B-175825 | 160.00 | Hindi Books | Non-fiction | |||||
| Ordered | Sarojini Nagar | Sarojini Nagar | 17/02/2017 | DPL | 160.00 | 641.1 शुक्लाफ | B175807 | 1 | 160.00 | Hindi Books | Non-fiction | ||
| Ordered | Sarojini Nagar | Sarojini Nagar | 17/02/2017 | DPL | 160.00 | 641.1 शुक्लाफ | B-175821 | 1 | 160.00 | Hindi Books | Non-fiction |
